نحو بعث جديد /nahw baeth jadid / (Record no. 82450)
[ view plain ]
| 000 -LEADER | |
|---|---|
| fixed length control field | 00780nam a2200229 a 4500 |
| 001 - CONTROL NUMBER | |
| control field | 82450 |
| 003 - CONTROL NUMBER IDENTIFIER | |
| rucl marc code | BD-RjUL |
| 005 - DATE AND TIME OF LATEST TRANSACTION | |
| control field | 20231212122136.0 |
| 008 - FIXED-LENGTH DATA ELEMENTS--GENERAL INFORMATION | |
| fixed length control field | 191104s1986 ua 000 0 ara d |
| 035 ## - SYSTEM CONTROL NUMBER | |
| System control number | (BD-RjUL)82450 |
| 040 ## - CATALOGING SOURCE | |
| Original cataloging agency | NNL |
| Language of cataloging | ara |
| Transcribing agency | BD-RjUL |
| 041 ## - LANGUAGE CODE | |
| Language code of text/sound track or separate title | ara |
| 082 ## - DEWEY DECIMAL CLASSIFICATION NUMBER | |
| Edition number | 23 |
| Classification number | 297.56242 |
| Author mark and year | SAN 1986 |
| 100 1# - MAIN ENTRY--PERSONAL NAME | |
| Personal name | sadat, Anwar ;; السادات, انور |
| Dates associated with a name | 1917- |
| 9 (RLIN) | 10481 |
| 245 10 - TITLE STATEMENT | |
| Title | نحو بعث جديد /nahw baeth jadid / |
| Statement of responsibility, etc. | أنور السادات ;; Anwar alsadat |
| 260 ## - PUBLICATION, DISTRIBUTION, ETC. (IMPRINT) | |
| Place of publication, distribution, etc. | القاهرة : |
| Name of publisher, distributor, etc. | دار الشروق، |
| Date of publication, distribution, etc. | ١٤٠٦هج ١٩٨٦م. |
| 300 ## - PHYSICAL DESCRIPTION | |
| Pagination | 58 ص. |
| Size | 22 cm |
| 650 #4 - SUBJECT ADDED ENTRY--TOPICAL TERM | |
| Topical term or geographic name as entry element | Islamic monasticism and religious orders |
| 9 (RLIN) | 10482 |
| Topical term or geographic name as entry element | Peace |
| General subdivision | Religious aspects |
| -- | Islam |
| 9 (RLIN) | 10483 |
| Topical term or geographic name as entry element | War |
| General subdivision | Religious aspects |
| -- | Islam |
| 9 (RLIN) | 558 |
| 942 ## - ADDED ENTRY ELEMENTS (KOHA) | |
| Source of classification or shelving scheme | Dewey Decimal Classification |
| Koha item type | Books |
| Lost status | Source of classification or shelving scheme | Damaged status | Not for loan | Collection code | Permanent Location | Current Location | Shelving location | Date acquired | Total Checkouts | Full call number | Date last seen | Copy number | Koha item type |
|---|---|---|---|---|---|---|---|---|---|---|---|---|---|
| Dewey Decimal Classification | Not For Loan | Non-fiction | Central Library, University of Rajshahi | Central Library, University of Rajshahi | Reading Room | 12/12/2023 | A 297.56242 SAN 1986 | 12/12/2023 | C-1 | Books |